| 000 | 00861nam a2200229 a 4500 | ||
|---|---|---|---|
| 001 | 83085 | ||
| 003 | BD-RjUL | ||
| 005 | 20240213135900.0 | ||
| 008 | 240213s2023 bg ||||| |||| 00| 0 ben d | ||
| 020 | _a97898497279699 | ||
| 035 | _a(BD-RjUL)83085 | ||
| 040 |
_aBD-RjUL _beng _cBD-RjUL |
||
| 041 | _aben | ||
| 082 |
_223 _a954.925 _bSIS 2023 |
||
| 100 |
_aসিদ্দিকী, মাহবুব _911722 |
||
| 245 |
_aসুন্দরবন ও গাঙ্গেয় বদ্ধীপের মোহনা / _cমাহবুব সিদ্দিকী |
||
| 260 |
_aঢাকা : _bদিব্য প্রকাশ, _c২০২৩ |
||
| 300 |
_a২৩২ পৃ.: _bচিত্রসমূহ; _c২২ সেমি. |
||
| 650 |
_aসুন্দরবন অঞ্চল _911738 |
||
| 650 |
_aSundarbans Region _911739 |
||
| 942 |
_2ddc _cBK |
||
| 999 |
_c83085 _d83085 |
||